| 000 | 00309nam a22000977a 4500 | ||
|---|---|---|---|
| 008 | 140101b xxu||||| |||| 00| 0 eng d | ||
| 020 |
_a0072466855 _cAvailable |
||
| 082 |
_2Third Ed _a620.001RED _b000570 |
||
| 245 |
_aAn Introduction to the Finite Element Method _cReddy J.N |
||
| 260 |
_aNew York _bThe McGraw-Hill _c2006 |
||
| 999 |
_c23702 _d23702 |
||